<?xml version="1.0" encoding="UTF-8"?>
<record
    xmlns:xsi="http://www.w3.org/2001/XMLSchema-instance"
    xsi:schemaLocation="http://www.loc.gov/MARC21/slim http://www.loc.gov/standards/marcxml/schema/MARC21slim.xsd"
    xmlns="http://www.loc.gov/MARC21/slim">

  <leader>02000nam a2200349 a 4500</leader>
  <controlfield tag="001">BRCA_8260</controlfield>
  <controlfield tag="005">20190320210212.0</controlfield>
  <controlfield tag="008">040614s1701----it-####g##---#001-0#spa-#</controlfield>
  <datafield tag="041" ind1=" " ind2=" ">
    <subfield code="a">spa</subfield>
  </datafield>
  <datafield tag="044" ind1=" " ind2=" ">
    <subfield code="a">it</subfield>
  </datafield>
  <datafield tag="050" ind1=" " ind2="4">
    <subfield code="a">BX4705</subfield>
    <subfield code="b">.J8 1701</subfield>
  </datafield>
  <datafield tag="100" ind1="1" ind2=" ">
    <subfield code="a">Guzm&#xE1;n, Juan de</subfield>
    <subfield code="c">Frai del Santissimo Sacramento</subfield>
    <subfield code="d">1611-1680</subfield>
    <subfield code="9">20622</subfield>
  </datafield>
  <datafield tag="245" ind1="1" ind2="0">
    <subfield code="a">Vida de el Venerable Siervo de Dios Vicente de Paul</subfield>
    <subfield code="b">fundador y Primero Superior General de la Congragaci&#xF3;n de la Mission</subfield>
    <subfield code="c">Escrita del mui R.P.M. Frai Juan del Santissimo Sacramento, del Orden de San Agustin, de la Provincia de Castilla, Provincial que fue de Cerde&#xF1;a, Theologo, y Confesor actual del Ilustre Se&#xF1;or D. Frai Bernabe de Castro, Arzobispo de Brindis.</subfield>
  </datafield>
  <datafield tag="260" ind1=" " ind2=" ">
    <subfield code="a">N&#xE1;poles</subfield>
    <subfield code="b">Bonis Impresor Arzobispal</subfield>
    <subfield code="c">1701</subfield>
  </datafield>
  <datafield tag="300" ind1=" " ind2=" ">
    <subfield code="a">566 p.</subfield>
    <subfield code="b">il.</subfield>
    <subfield code="c">26 cm.</subfield>
  </datafield>
  <datafield tag="500" ind1=" " ind2=" ">
    <subfield code="a">Dedicado al Eminentissimo Se&#xF1;or Cardenal D. Luis Manuel Portocarrero, Obispo de Palestrina, Arzobispo de Toledo, Primado de las Espa&#xF1;as, Gran Canciller de Castilla, adelantado maior de Cazorla, Protector de Espa&#xF1;a, del Consejo Supremo de Estado de su Majestad, &amp;c.</subfield>
  </datafield>
  <datafield tag="500" ind1=" " ind2=" ">
    <subfield code="a">Edici&#xF3;n con cantos dorados y grabados</subfield>
  </datafield>
  <datafield tag="500" ind1=" " ind2=" ">
    <subfield code="a">Incluye tabla de los cap&#xED;tulos</subfield>
  </datafield>
  <datafield tag="500" ind1=" " ind2=" ">
    <subfield code="a">Fondo antiguo</subfield>
  </datafield>
  <datafield tag="500" ind1=" " ind2=" ">
    <subfield code="a">Ejemplar se encuentra en caja fuerte</subfield>
  </datafield>
  <datafield tag="500" ind1=" " ind2=" ">
    <subfield code="a">T53</subfield>
  </datafield>
  <datafield tag="500" ind1=" " ind2=" ">
    <subfield code="a">Nota de encuadernaci&#xF3;n: en piel con ornamentos dorados</subfield>
  </datafield>
  <datafield tag="500" ind1=" " ind2=" ">
    <subfield code="a">Con Ex- libris de: Franz Mayer</subfield>
  </datafield>
  <datafield tag="500" ind1=" " ind2=" ">
    <subfield code="a">Filigrana en la contraportada</subfield>
  </datafield>
  <datafield tag="500" ind1=" " ind2=" ">
    <subfield code="a">Se localiza una firma en la anteportada: Es libro toda, ignasia Mr de San Agust&#xED;n, con licencia de mi para la comunidad pide por amor de Dios un Ave mar&#xED;a</subfield>
  </datafield>
  <datafield tag="500" ind1=" " ind2=" ">
    <subfield code="a">Estado f&#xED;sico: la p&#xE1;gina 29 presenta una rotura</subfield>
  </datafield>
  <datafield tag="506" ind1="0" ind2=" ">
    <subfield code="a">Fondo reservado: para su consulta es necesario credencial de usuario y carta de motivos</subfield>
  </datafield>
  <datafield tag="600" ind1="1" ind2="4">
    <subfield code="a">Paul, Vicente de</subfield>
    <subfield code="c">Venerable Siervo de Dios</subfield>
    <subfield code="d">1581-1660</subfield>
    <subfield code="v">Congreaci&#xF3;n de la Misi&#xF3;n</subfield>
    <subfield code="z">Francia</subfield>
    <subfield code="9">20623</subfield>
  </datafield>
  <datafield tag="650" ind1="1" ind2="4">
    <subfield code="a">&#xD3;rdenes religiosas</subfield>
    <subfield code="v">Biograf&#xED;as</subfield>
    <subfield code="9">20624</subfield>
  </datafield>
  <datafield tag="902" ind1=" " ind2=" ">
    <subfield code="a">LAR</subfield>
  </datafield>
  <datafield tag="942" ind1=" " ind2=" ">
    <subfield code="2">lcc</subfield>
    <subfield code="c">B</subfield>
  </datafield>
  <datafield tag="999" ind1=" " ind2=" ">
    <subfield code="c">7928</subfield>
    <subfield code="d">7928</subfield>
  </datafield>
  <datafield tag="952" ind1=" " ind2=" ">
    <subfield code="0">0</subfield>
    <subfield code="1">0</subfield>
    <subfield code="4">0</subfield>
    <subfield code="7">0</subfield>
    <subfield code="a">BRCA</subfield>
    <subfield code="b">BRCA</subfield>
    <subfield code="d">2014-06-04</subfield>
    <subfield code="i">T53</subfield>
    <subfield code="l">0</subfield>
    <subfield code="o">BX4705 .J8 1701 (T53)</subfield>
    <subfield code="p">LAR00024</subfield>
    <subfield code="r">2019-03-22 00:00:00</subfield>
    <subfield code="w">2019-03-22</subfield>
    <subfield code="y">B</subfield>
  </datafield>
</record>
